[Event "16 Dubai Open 2014"]
[Site "Dubai Chess Club"]
[Date "2014.04.07"]
[Round "1"]
[Board "1"]
[White "Ivana Maria, Furtado"]
[Black "Korobov, Anton"]
[Result "0-1"]
[WhiteElo "2204"]
[BlackElo "2698"]
[PlyCount "0"]
[EventDate "2014.04.07"]
[EventRounds "9"]
[EventCountry "UAE"]

1. d4 {[%clk 1:31:04]} Nf6 {[%clk 1:31:20]} 2. c4 {[%clk 1:31:20]} g6
{[%clk 1:31:45]} 3. Nf3 {[%clk 1:31:34]} Bg7 {[%clk 1:32:08]} 4. g3
{[%clk 1:31:56]} O-O {[%clk 1:32:30]} 5. Bg2 {[%clk 1:32:18]} Nc6
{[%clk 1:32:48]} 6. O-O {[%clk 1:32:39]} a6 {[%clk 1:33:15]} 7. Nc3
{[%clk 1:32:40]} Rb8 {[%clk 1:33:40]} 8. e3 {[%clk 1:31:54]} b5 {[%clk 1:33:17]}
9. Qe2 {[%clk 1:31:35]} bxc4 {[%clk 1:30:52]} 10. Qxc4 {[%clk 1:30:45]} e6
{[%clk 1:27:02]} 11. b3 {[%clk 1:28:35]} a5 {[%clk 1:25:18]} 12. Rd1
{[%clk 1:19:13]} Nb4 {[%clk 1:24:30]} 13. Qe2 {[%clk 1:12:46]} Ba6
{[%clk 1:24:54]} 14. Qd2 {[%clk 1:13:02]} d6 {[%clk 1:24:28]} 15. Bb2
{[%clk 1:10:05]} Qe7 {[%clk 1:18:33]} 16. Ne1 {[%clk 1:07:52]} Bb7
{[%clk 1:17:11]} 17. Rac1 {[%clk 1:00:24]} c5 {[%clk 1:06:20]} 18. Ba1
{[%clk 0:54:00]} cxd4 {[%clk 1:03:43]} 19. Qxd4 {[%clk 0:53:16]} Bxg2
{[%clk 1:03:07]} 20. Nxg2 {[%clk 0:52:47]} d5 {[%clk 0:56:43]} 21. a4
{[%clk 0:47:27]} e5 {[%clk 0:50:16]} 22. Qd2 {[%clk 0:46:54]} Qe6
{[%clk 0:27:40]} 23. Nb5 {[%clk 0:44:35]} Ne4 {[%clk 0:25:42]} 24. Qe2
{[%clk 0:42:08]} Rbc8 {[%clk 0:25:48]} 25. Ne1 {[%clk 0:33:06]} h5
{[%clk 0:23:17]} 26. Nd3 {[%clk 0:28:27]} Nxd3 {[%clk 0:21:44]} 27. Qxd3
{[%clk 0:25:37]} Qg4 {[%clk 0:22:02]} 28. Nc3 {[%clk 0:20:41]} Nxc3
{[%clk 0:22:15]} 29. Bxc3 {[%clk 0:18:22]} e4 {[%clk 0:22:39]} 0-1

[Event "16 Dubai Open 2014"]
[Site "Dubai Chess Club"]
[Date "2014.04.07"]
[Round "1"]
[Board "2"]
[White "Akopian, Vladimir"]
[Black "Makropoulou, Marina"]
[Result "1-0"]
[WhiteElo "2674"]
[BlackElo "2201"]
[PlyCount "0"]
[EventDate "2014.04.07"]
[EventRounds "9"]
[EventCountry "UAE"]

1. e4 {[%clk 1:30:53]} c5 {[%clk 1:30:43]} 2. Nf3 {[%clk 1:31:16]} e6
{[%clk 1:31:01]} 3. b3 {[%clk 1:31:02]} a6 {[%clk 1:30:01]} 4. Bb2
{[%clk 1:31:24]} Nc6 {[%clk 1:30:19]} 5. g3 {[%clk 1:27:06]} d5 {[%clk 1:30:09]}
6. exd5 {[%clk 1:25:20]} exd5 {[%clk 1:30:33]} 7. Qe2+ {[%clk 1:22:42]} Qe7
{[%clk 1:30:28]} 8. Nc3 {[%clk 1:19:56]} Bg4 {[%clk 1:29:15]} 9. Bg2
{[%clk 1:15:23]} Qxe2+ {[%clk 0:52:59]} 10. Nxe2 {[%clk 1:15:31]} O-O-O
{[%clk 0:51:28]} 11. O-O-O {[%clk 1:12:41]} d4 {[%clk 0:49:07]} 12. h3
{[%clk 1:09:26]} Bf5 {[%clk 0:47:46]} 13. g4 {[%clk 1:05:28]} Be4
{[%clk 0:47:20]} 14. Rde1 {[%clk 0:53:58]} f5 {[%clk 0:36:13]} 15. Ng3
{[%clk 0:46:28]} Nf6 {[%clk 0:35:30]} 16. Nxe4 {[%clk 0:38:24]} Nxe4
{[%clk 0:33:49]} 17. gxf5 {[%clk 0:38:44]} Nd6 {[%clk 0:32:12]} 18. Ng5
{[%clk 0:37:22]} Be7 {[%clk 0:29:38]} 19. Ne6 {[%clk 0:37:01]} Rde8
{[%clk 0:29:13]} 20. Bxc6 {[%clk 0:36:27]} bxc6 {[%clk 0:29:33]} 21. Nxg7
{[%clk 0:36:47]} 1-0

[Event "16 Dubai Open 2014"]
[Site "Dubai Chess Club"]
[Date "2014.04.07"]
[Round "1"]
[Board "3"]
[White "Igonin, Temur"]
[Black "Edouard, Romain"]
[Result "0-1"]
[WhiteElo "2194"]
[BlackElo "2670"]
[PlyCount "0"]
[EventDate "2014.04.07"]
[EventRounds "9"]
[EventCountry "UAE"]

1. e4 {[%clk 1:30:55]} e6 {[%clk 1:30:56]} 2. d4 {[%clk 1:31:16]} d5
{[%clk 1:31:22]} 3. Nd2 {[%clk 1:31:37]} Be7 {[%clk 1:31:46]} 4. Bd3
{[%clk 1:28:33]} c5 {[%clk 1:31:37]} 5. dxc5 {[%clk 1:24:00]} Nf6
{[%clk 1:31:45]} 6. exd5 {[%clk 1:18:52]} Qxd5 {[%clk 1:23:02]} 7. Ngf3
{[%clk 1:17:23]} Nbd7 {[%clk 1:21:48]} 8. Nb3 {[%clk 1:12:57]} Nxc5
{[%clk 1:11:19]} 9. Nxc5 {[%clk 1:09:12]} Bxc5 {[%clk 1:08:20]} 10. O-O
{[%clk 1:05:24]} Bd7 {[%clk 1:01:16]} 11. Qe2 {[%clk 0:59:51]} Bc6
{[%clk 0:55:30]} 12. Bf4 {[%clk 0:51:29]} Qh5 {[%clk 0:39:35]} 13. Ne5
{[%clk 0:47:54]} Qxe2 {[%clk 0:39:43]} 14. Bxe2 {[%clk 0:48:13]} Be4
{[%clk 0:38:31]} 15. Bd3 {[%clk 0:45:24]} Rc8 {[%clk 0:32:15]} 16. Rfe1
{[%clk 0:41:13]} Bxd3 {[%clk 0:32:08]} 17. Nxd3 {[%clk 0:41:29]} Nd5
{[%clk 0:29:53]} 18. Rad1 {[%clk 0:36:03]} Nxf4 {[%clk 0:26:34]} 19. Nxf4
{[%clk 0:33:19]} Be7 {[%clk 0:20:00]} 20. c3 {[%clk 0:31:23]} h5 {[%clk 0:20:18]}
21. Kf1 {[%clk 0:27:06]} h4 {[%clk 0:19:58]} 22. h3 {[%clk 0:26:03]} Rc6
{[%clk 0:12:55]} 23. Re4 {[%clk 0:22:11]} g5 {[%clk 0:12:06]} 24. Nd3
{[%clk 0:20:15]} Rg8 {[%clk 0:10:05]} 25. Ne5 {[%clk 0:15:43]} Rd6
{[%clk 0:07:19]} 26. Red4 {[%clk 0:15:32]} Rxd4 {[%clk 0:07:43]} 27. Rxd4
{[%clk 0:15:54]} f6 {[%clk 0:04:39]} 28. Nd3 {[%clk 0:15:39]} e5 {[%clk 0:01:54]}
29. Rd5 {[%clk 0:13:35]} b6 {[%clk 0:02:04]} 30. f3 {[%clk 0:12:25]} Kf7
{[%clk 0:00:43]} 31. Rd7 {[%clk 0:11:20]} a5 {[%clk 0:00:38]} 32. b4
{[%clk 0:06:48]} Rc8 {[%clk 0:00:40]} 33. bxa5 {[%clk 0:01:56]} bxa5
{[%clk 0:01:08]} 34. Rd5 {[%clk 0:02:12]} Rxc3 {[%clk 0:01:29]} 35. Nf2
{[%clk 0:01:22]} Rc1+ {[%clk 0:01:02]} 36. Ke2 {[%clk 0:01:26]} Bb4
{[%clk 0:00:59]} 37. a3 {[%clk 0:00:35]} Ke6 {[%clk 0:00:33]} 38. Rb5
{[%clk 0:00:41]} Rc2+ {[%clk 0:00:41]} 39. Kf1 {[%clk 0:00:53]} Rc1+
{[%clk 0:00:36]} 40. Ke2 {[%clk 0:01:19]} Re1+ {[%clk 0:00:36]} 41. Kd3
{[%clk 0:01:42]} Bxa3 {[%clk 0:00:37]} 42. Rxa5 {[%clk 0:02:00]} Be7
{[%clk 0:01:05]} 43. Ra6+ {[%clk 0:02:01]} Kf7 {[%clk 0:01:29]} 44. Ng4
{[%clk 0:01:59]} Rb1 {[%clk 0:00:48]} 45. Ne3 {[%clk 0:01:42]} Rb3+
{[%clk 0:00:46]} 46. Ke4 {[%clk 0:01:06]} Rb4+ {[%clk 0:01:06]} 47. Kd3
{[%clk 0:01:32]} Bc5 {[%clk 0:00:55]} 48. Ng4 {[%clk 0:01:34]} Bb6
{[%clk 0:01:01]} 49. Ke2 {[%clk 0:00:40]} Rb2+ {[%clk 0:00:41]} 50. Kf1
{[%clk 0:00:56]} Rb3 {[%clk 0:00:41]} 51. Ke2 {[%clk 0:01:17]} Rb2+
{[%clk 0:00:35]} 52. Kf1 {[%clk 0:01:45]} Rb5 {[%clk 0:01:02]} 53. Ke2
{[%clk 0:00:47]} Rb3 {[%clk 0:00:38]} 54. Ra8 {[%clk 0:00:37]} Rb2+
{[%clk 0:00:39]} 55. Kf1 {[%clk 0:00:33]} Rb1+ {[%clk 0:00:54]} 56. Ke2
{[%clk 0:00:58]} Rg1 {[%clk 0:00:51]} 57. Rb8 {[%clk 0:01:05]} Rxg2+
{[%clk 0:01:09]} 58. Kf1 {[%clk 0:01:17]} Rb2 {[%clk 0:00:45]} 59. Ne3
{[%clk 0:01:29]} Rb3 {[%clk 0:00:41]} 60. Nd5 {[%clk 0:00:32]} Rxf3+ 0-1

[Event "16 Dubai Open 2014"]
[Site "Dubai Chess Club"]
[Date "2014.04.07"]
[Round "1"]
[Board "4"]
[White "Istratescu, Andrei"]
[Black "Momeni, E."]
[Result "1-0"]
[WhiteElo "2667"]
[BlackElo "2194"]
[PlyCount "0"]
[EventDate "2014.04.07"]
[EventRounds "9"]
[EventCountry "UAE"]

1. e4 {[%clk 1:30:52]} d5 {[%clk 1:30:50]} 2. exd5 {[%clk 1:31:19]} Qxd5
{[%clk 1:31:12]} 3. Nf3 {[%clk 1:31:44]} Nf6 {[%clk 1:31:11]} 4. d4
{[%clk 1:31:55]} c6 {[%clk 1:31:29]} 5. Be2 {[%clk 1:30:59]} Bg4 {[%clk 1:30:28]}
6. h3 {[%clk 1:30:02]} Bh5 {[%clk 1:30:28]} 7. c4 {[%clk 1:26:47]} Qd6
{[%clk 1:30:43]} 8. Qb3 {[%clk 1:22:28]} Qc7 {[%clk 1:29:15]} 9. Nc3
{[%clk 1:21:55]} Nbd7 {[%clk 1:29:33]} 10. Be3 {[%clk 1:12:28]} e6
{[%clk 1:29:53]} 11. O-O {[%clk 1:12:43]} Be7 {[%clk 1:29:26]} 12. Rfe1
{[%clk 1:02:10]} O-O {[%clk 1:28:46]} 13. Rac1 {[%clk 1:01:06]} Rfe8
{[%clk 1:28:11]} 14. Qc2 {[%clk 0:54:30]} a6 {[%clk 1:27:48]} 15. c5
{[%clk 0:53:54]} Rad8 {[%clk 1:25:59]} 16. b4 {[%clk 0:53:17]} Nd5
{[%clk 1:18:30]} 17. Nxd5 {[%clk 0:51:45]} exd5 {[%clk 1:18:48]} 18. g4
{[%clk 0:49:33]} Bg6 {[%clk 1:19:01]} 19. Qd2 {[%clk 0:50:00]} h5
{[%clk 1:06:33]} 20. Bf4 {[%clk 0:49:34]} Qc8 {[%clk 1:06:55]} 21. Ne5
{[%clk 0:45:17]} Nxe5 {[%clk 1:06:19]} 22. Bxe5 {[%clk 0:45:35]} hxg4
{[%clk 1:06:30]} 23. hxg4 {[%clk 0:44:09]} Bf8 {[%clk 1:04:48]} 24. f3
{[%clk 0:43:24]} f6 {[%clk 1:03:52]} 25. Bg3 {[%clk 0:43:22]} Re6
{[%clk 1:03:47]} 26. Bf1 {[%clk 0:42:01]} Rde8 {[%clk 1:04:09]} 27. Rxe6
{[%clk 0:41:53]} Rxe6 {[%clk 1:04:00]} 28. a4 {[%clk 0:41:21]} Qe8
{[%clk 1:00:53]} 29. Kf2 {[%clk 0:41:08]} Be7 {[%clk 0:57:03]} 30. Ra1
{[%clk 0:38:11]} Bd8 {[%clk 0:57:01]} 31. Qf4 {[%clk 0:27:21]} Qd7
{[%clk 0:56:30]} 32. Qb8 {[%clk 0:27:31]} Re8 {[%clk 0:54:50]} 33. Qd6
{[%clk 0:27:53]} Qxd6 {[%clk 0:52:25]} 34. Bxd6 {[%clk 0:28:16]} Be7
{[%clk 0:52:45]} 35. Bxe7 {[%clk 0:25:15]} Rxe7 {[%clk 0:53:13]} 36. b5
{[%clk 0:25:41]} a5 {[%clk 0:51:34]} 37. Ra2 {[%clk 0:25:23]} Be8
{[%clk 0:47:37]} 38. Rb2 {[%clk 0:24:12]} Kf7 {[%clk 0:46:09]} 39. Bd3
{[%clk 0:22:01]} Rc7 {[%clk 0:44:05]} 40. Rb1 {[%clk 0:17:44]} Bd7
{[%clk 0:43:41]} 41. bxc6 {[%clk 0:16:24]} Bxc6 {[%clk 0:40:35]} 42. Bb5
{[%clk 0:16:54]} Ke7 {[%clk 0:40:55]} 43. Ke3 {[%clk 0:15:48]} g5
{[%clk 0:41:18]} 44. Rh1 {[%clk 0:15:09]} Ke6 {[%clk 0:38:07]} 45. Rh8
{[%clk 0:15:30]} Re7 {[%clk 0:38:09]} 46. Ra8 {[%clk 0:14:32]} Kd7+
{[%clk 0:38:29]} 47. Kf2 {[%clk 0:14:04]} Rh7 {[%clk 0:37:39]} 48. Kg2
{[%clk 0:14:24]} Rf7 {[%clk 0:36:20]} 49. Bd3 {[%clk 0:13:19]} Bxa4
{[%clk 0:35:49]} 50. Rxa5 {[%clk 0:06:51]} Bc6 {[%clk 0:36:16]} 51. Ra8
{[%clk 0:07:12]} Ke7 {[%clk 0:36:24]} 52. Rh8 {[%clk 0:07:14]} Rf8
{[%clk 0:36:16]} 53. Rh7+ {[%clk 0:07:23]} Rf7 {[%clk 0:36:38]} 54. Rh6
{[%clk 0:07:27]} Kf8 {[%clk 0:35:09]} 55. f4 {[%clk 0:06:44]} Bd7
{[%clk 0:33:38]} 56. Bf5 {[%clk 0:05:20]} Bxf5 {[%clk 0:33:43]} 57. gxf5
{[%clk 0:05:49]} gxf4 {[%clk 0:32:21]} 58. Kf3 {[%clk 0:06:19]} Ke7
{[%clk 0:30:37]} 59. Kxf4 {[%clk 0:06:31]} Kd7 {[%clk 0:29:21]} 60. Kg4
{[%clk 0:06:20]} Ke7 {[%clk 0:26:33]} 61. Rh1 {[%clk 0:06:33]} Rg7+
{[%clk 0:26:46]} 62. Kf3 {[%clk 0:05:50]} Rg5 {[%clk 0:25:40]} 63. Rh7+
{[%clk 0:04:04]} Ke8 {[%clk 0:25:03]} 64. Kf4 {[%clk 0:02:59]} Rg1
{[%clk 0:25:31]} 65. Rxb7 {[%clk 0:03:25]} Rf1+ {[%clk 0:25:53]} 66. Ke3
{[%clk 0:03:10]} Rxf5 {[%clk 0:26:16]} 67. Rb6 {[%clk 0:03:39]} Ke7
{[%clk 0:26:10]} 68. Rd6 {[%clk 0:04:02]} Rh5 {[%clk 0:26:14]} 69. Kd3
{[%clk 0:04:25]} Rg5 {[%clk 0:25:19]} 70. Kc3 {[%clk 0:04:52]} Rh5
{[%clk 0:25:33]} 71. Kb4 {[%clk 0:05:18]} Rg5 {[%clk 0:25:55]} 72. Kb5
{[%clk 0:05:43]} Rh5 {[%clk 0:26:15]} 73. Kc6 {[%clk 0:06:03]} f5
{[%clk 0:26:26]} 74. Rxd5 {[%clk 0:05:32]} Rh6+ {[%clk 0:26:49]} 75. Kb7
{[%clk 0:05:59]} 1-0

[Event "16 Dubai Open 2014"]
[Site "Dubai Chess Club"]
[Date "2014.04.07"]
[Round "1"]
[Board "5"]
[White "Al Badani, Abdu"]
[Black "Lupulescu, Constantin"]
[Result "0-1"]
[WhiteElo "2175"]
[BlackElo "2660"]
[PlyCount "0"]
[EventDate "2014.04.07"]
[EventRounds "9"]
[EventCountry "UAE"]

1. e4 {[%clk 1:30:45]} c6 {[%clk 1:30:56]} 2. Nc3 {[%clk 1:31:05]} d5
{[%clk 1:31:16]} 3. Nf3 {[%clk 1:31:20]} Nf6 {[%clk 1:30:40]} 4. e5
{[%clk 1:29:00]} Ne4 {[%clk 1:31:07]} 5. d3 {[%clk 1:28:20]} Nxc3
{[%clk 1:31:19]} 6. bxc3 {[%clk 1:28:48]} c5 {[%clk 1:29:27]} 7. d4
{[%clk 1:18:22]} e6 {[%clk 1:26:53]} 8. Bd3 {[%clk 1:09:13]} c4 {[%clk 1:26:35]}
9. Be2 {[%clk 1:09:33]} Be7 {[%clk 1:23:33]} 10. O-O {[%clk 1:08:48]} Nc6
{[%clk 1:23:28]} 11. Ne1 {[%clk 0:54:40]} Qa5 {[%clk 1:17:03]} 12. Bd2
{[%clk 0:50:02]} Bd7 {[%clk 1:17:02]} 13. f4 {[%clk 0:50:15]} O-O-O
{[%clk 1:15:13]} 14. a4 {[%clk 0:48:51]} Kb8 {[%clk 1:08:51]} 15. Nf3
{[%clk 0:46:23]} f6 {[%clk 1:04:55]} 16. Qe1 {[%clk 0:40:35]} Qc7
{[%clk 0:56:35]} 17. Qg3 {[%clk 0:38:40]} Rdg8 {[%clk 0:52:50]} 18. Kh1
{[%clk 0:33:20]} Ka8 {[%clk 0:41:32]} 19. Rfe1 {[%clk 0:27:35]} h6
{[%clk 0:38:10]} 20. Bf1 {[%clk 0:24:17]} f5 {[%clk 0:34:09]} 21. Qg6
{[%clk 0:17:46]} Nd8 {[%clk 0:32:30]} 22. Bc1 {[%clk 0:15:13]} Be8
{[%clk 0:30:05]} 23. Qg3 {[%clk 0:15:34]} g5 {[%clk 0:29:56]} 24. Qf2
{[%clk 0:14:37]} gxf4 {[%clk 0:21:07]} 25. Bxf4 {[%clk 0:14:45]} Nf7
{[%clk 0:21:25]} 26. h4 {[%clk 0:11:06]} Ng5 {[%clk 0:20:54]} 27. Nd2
{[%clk 0:08:12]} Ne4 {[%clk 0:17:37]} 28. Nxe4 {[%clk 0:08:34]} fxe4
{[%clk 0:17:05]} 29. g3 {[%clk 0:07:20]} Bh5 {[%clk 0:15:08]} 30. a5
{[%clk 0:05:32]} a6 {[%clk 0:11:51]} 31. Bh3 {[%clk 0:03:58]} Qd7
{[%clk 0:10:22]} 32. Kh2 {[%clk 0:03:36]} Bg4 {[%clk 0:09:42]} 33. Rf1
{[%clk 0:03:33]} Bd8 {[%clk 0:08:36]} 34. Bd2 {[%clk 0:02:04]} Bf3
{[%clk 0:08:23]} 35. Bf4 {[%clk 0:01:53]} h5 {[%clk 0:06:08]} 36. Qe3
{[%clk 0:02:04]} Bg4 {[%clk 0:06:22]} 37. Bg2 {[%clk 0:02:22]} Qg7
{[%clk 0:05:52]} 38. Rab1 {[%clk 0:01:42]} Bf5 {[%clk 0:05:00]} 39. Rb2
{[%clk 0:01:47]} Rh7 {[%clk 0:04:24]} 40. Rf2 {[%clk 0:01:06]} Bxa5
{[%clk 0:03:49]} 41. Ra2 {[%clk 0:00:59]} Bd8 {[%clk 0:03:57]} 42. Qc1
{[%clk 0:01:00]} Qc7 {[%clk 0:02:30]} 43. Rf1 {[%clk 0:00:47]} Rhg7
{[%clk 0:02:34]} 44. Bh1 {[%clk 0:00:56]} Rg4 {[%clk 0:02:05]} 45. Qa1
{[%clk 0:01:08]} Ka7 {[%clk 0:01:31]} 46. Qe1 {[%clk 0:01:15]} Qg7
{[%clk 0:01:13]} 47. Ra1 {[%clk 0:01:32]} Bxh4 {[%clk 0:01:20]} 0-1

[Event "16 Dubai Open 2014"]
[Site "Dubai Chess Club"]
[Date "2014.04.07"]
[Round "1"]
[Board "7"]
[White "Khalafova, Narmin"]
[Black "Jones, Gawain C B"]
[Result "1/2-1/2"]
[WhiteElo "2160"]
[BlackElo "2650"]
[PlyCount "0"]
[EventDate "2014.04.07"]
[EventRounds "9"]
[EventCountry "UAE"]

1. e4 {[%clk 1:30:44]} e5 {[%clk 1:30:42]} 2. Nc3 {[%clk 1:30:58]} Nf6
{[%clk 1:31:02]} 3. g3 {[%clk 1:31:24]} d5 {[%clk 1:31:17]} 4. exd5
{[%clk 1:31:47]} Nxd5 {[%clk 1:31:36]} 5. Bg2 {[%clk 1:32:08]} Nxc3
{[%clk 1:31:48]} 6. bxc3 {[%clk 1:32:33]} Nc6 {[%clk 1:31:55]} 7. Nf3
{[%clk 1:28:43]} Bc5 {[%clk 1:32:09]} 8. O-O {[%clk 1:28:21]} O-O
{[%clk 1:32:15]} 9. Re1 {[%clk 1:26:49]} Qf6 {[%clk 1:27:26]} 10. d3
{[%clk 1:26:17]} Bg4 {[%clk 1:25:16]} 11. Be3 {[%clk 1:22:48]} Bb6
{[%clk 1:20:28]} 12. h3 {[%clk 1:20:27]} Bh5 {[%clk 1:18:07]} 13. g4
{[%clk 1:03:23]} Bg6 {[%clk 1:18:29]} 14. Nd2 {[%clk 0:59:29]} e4
{[%clk 1:17:31]} 15. Bxb6 {[%clk 0:52:23]} axb6 {[%clk 1:17:22]} 16. d4
{[%clk 0:49:41]} Ra3 {[%clk 1:17:04]} 17. Re3 {[%clk 0:45:57]} Qf4
{[%clk 1:09:30]} 18. Nxe4 {[%clk 0:40:00]} h6 {[%clk 1:04:41]} 19. Nd2
{[%clk 0:34:10]} Nxd4 {[%clk 1:00:17]} 20. cxd4 {[%clk 0:26:47]} Rxe3
{[%clk 0:57:55]} 21. fxe3 {[%clk 0:27:13]} Qxe3+ {[%clk 0:58:18]} 22. Kh1
{[%clk 0:27:22]} Qxd4 {[%clk 0:58:41]} 23. Nf3 {[%clk 0:25:06]} Qc5
{[%clk 0:54:29]} 24. Qd4 {[%clk 0:22:20]} Qxc2 {[%clk 0:53:36]} 25. Ne5
{[%clk 0:21:19]} b5 {[%clk 0:42:46]} 26. Rf1 {[%clk 0:17:03]} c6 {[%clk 0:40:38]}
27. Nxg6 {[%clk 0:14:41]} Qxg6 {[%clk 0:41:00]} 28. Qd7 {[%clk 0:13:12]} Rb8
{[%clk 0:39:31]} 29. Qc7 {[%clk 0:12:07]} Re8 {[%clk 0:39:49]} 30. Qxb7
{[%clk 0:11:25]} Re6 {[%clk 0:40:12]} 31. Rd1 {[%clk 0:06:02]} Kh7
{[%clk 0:34:04]} 32. Rf1 {[%clk 0:02:38]} Kg8 {[%clk 0:34:26]} 33. Qb8+
{[%clk 0:02:16]} Kh7 {[%clk 0:34:54]} 34. Qf8 {[%clk 0:02:36]} Rf6
{[%clk 0:33:08]} 35. Re1 {[%clk 0:01:59]} Re6 {[%clk 0:32:55]} 36. Rf1
{[%clk 0:00:53]} Rf6 {[%clk 0:33:19]} 37. Rxf6 {[%clk 0:00:43]} Qxf6
{[%clk 0:33:46]} 38. Qc5 {[%clk 0:00:39]} Qa1+ {[%clk 0:34:04]} 39. Kh2
{[%clk 0:01:06]} Qxa2 {[%clk 0:34:18]} 40. Qxc6 {[%clk 0:01:11]} Qb2
{[%clk 0:34:15]} 41. Qe8 {[%clk 0:00:59]} Qb3 {[%clk 0:32:54]} 42. Qe4+
{[%clk 0:01:27]} g6 {[%clk 0:31:38]} 43. Qd5 {[%clk 0:00:33]} Qxd5
{[%clk 0:31:09]} 44. Bxd5 {[%clk 0:01:00]} f5 {[%clk 0:31:34]} 45. Kg3
{[%clk 0:00:40]} Kg7 {[%clk 0:30:59]} 46. Bb3 {[%clk 0:00:34]} Kf6
{[%clk 0:31:18]} 47. Kf4 {[%clk 0:00:34]} g5+ {[%clk 0:30:35]} 48. Ke3
{[%clk 0:00:35]} Ke5 {[%clk 0:28:41]} 49. Bf7 Kf6 {[%clk 0:28:04]} 50. Be8
{[%clk 0:00:42]} b4 {[%clk 0:28:24]} 51. Kd4 {[%clk 0:00:41]} f4 {[%clk 0:26:07]}
52. Ba4 {[%clk 0:00:45]} Ke6 {[%clk 0:24:57]} 53. Bb3+ {[%clk 0:01:05]} Ke7
{[%clk 0:24:39]} 54. Bc4 {[%clk 0:00:58]} Kd7 {[%clk 0:22:28]} 55. Kc5
{[%clk 0:00:51]} f3 {[%clk 0:21:32]} 56. Kxb4 {[%clk 0:00:51]} Kd6
{[%clk 0:21:45]} 57. Kc3 {[%clk 0:00:42]} Ke5 {[%clk 0:22:04]} 58. Bf1
{[%clk 0:00:40]} h5 {[%clk 0:19:03]} 59. gxh5 {[%clk 0:00:32]} Kf6
{[%clk 0:19:26]} 60. Kd4 {[%clk 0:00:32]} Kg7 {[%clk 0:19:48]} 61. Ke3
{[%clk 0:00:35]} Kh6 {[%clk 0:19:48]} 62. Kxf3 {[%clk 0:00:45]} Kxh5
{[%clk 0:19:45]} 63. Kg3 {[%clk 0:00:49]} Kh6 {[%clk 0:20:10]} 1/2-1/2

[Event "16 Dubai Open 2014"]
[Site "Dubai Chess Club"]
[Date "2014.04.07"]
[Round "1"]
[Board "8"]
[White "Kuzubov, Yuriy"]
[Black "Basil, Alshouha"]
[Result "1/2-1/2"]
[WhiteElo "2639"]
[BlackElo "2160"]
[PlyCount "0"]
[EventDate "2014.04.07"]
[EventRounds "9"]
[EventCountry "UAE"]

1. d4 {[%clk 1:30:56]} Nf6 {[%clk 1:30:46]} 2. c4 {[%clk 1:31:20]} e6
{[%clk 1:31:04]} 3. Nc3 {[%clk 1:30:52]} Bb4 {[%clk 1:30:34]} 4. e3
{[%clk 1:31:17]} O-O {[%clk 1:29:12]} 5. Nge2 {[%clk 1:31:29]} d5
{[%clk 1:28:51]} 6. a3 {[%clk 1:30:38]} Be7 {[%clk 1:27:50]} 7. cxd5
{[%clk 1:28:40]} exd5 {[%clk 1:27:10]} 8. g3 {[%clk 1:29:05]} Nbd7
{[%clk 1:22:50]} 9. Bg2 {[%clk 1:29:00]} Nb6 {[%clk 1:23:13]} 10. O-O
{[%clk 1:29:13]} Re8 {[%clk 1:22:12]} 11. Nf4 {[%clk 1:27:46]} Bf8
{[%clk 1:17:17]} 12. b3 {[%clk 1:27:20]} a5 {[%clk 1:12:47]} 13. Ra2
{[%clk 1:27:34]} c6 {[%clk 1:11:25]} 14. Kh1 {[%clk 1:27:45]} Ne4
{[%clk 1:10:29]} 15. Nxe4 {[%clk 1:11:03]} dxe4 {[%clk 1:10:39]} 16. Qc2
{[%clk 1:11:21]} Nd5 {[%clk 1:03:20]} 17. Nxd5 {[%clk 0:35:29]} Qxd5
{[%clk 0:59:08]} 18. a4 {[%clk 0:33:52]} Bg4 {[%clk 0:53:06]} 19. Ba3
{[%clk 0:28:45]} Bxa3 {[%clk 0:44:54]} 20. Rxa3 {[%clk 0:26:18]} Qh5
{[%clk 0:44:38]} 21. Rc1 {[%clk 0:25:33]} Rad8 {[%clk 0:38:31]} 22. Ra2 Rd5
{[%clk 0:18:32]} 23. b4 {[%clk 0:08:49]} axb4 {[%clk 0:14:37]} 24. Rb2
{[%clk 0:09:14]} Bf3 {[%clk 0:12:55]} 25. Bxf3 {[%clk 0:05:10]} Qxf3+
{[%clk 0:06:30]} 26. Kg1 {[%clk 0:05:10]} c5 {[%clk 0:06:30]} 27. Qc4
{[%clk 0:05:10]} Red8 28. Rxb4 {[%clk 0:04:16]} h5 {[%clk 0:06:30]} 29. Rb5
{[%clk 0:01:00]} Rf5 {[%clk 0:04:42]} 30. Qf1 {[%clk 0:00:42]} cxd4
{[%clk 0:04:00]} 31. exd4 {[%clk 0:01:04]} Rxd4 {[%clk 0:03:26]} 32. Rxf5
{[%clk 0:00:47]} Qxf5 {[%clk 0:03:44]} 33. Qb5 {[%clk 0:00:43]} Qf3
{[%clk 0:02:39]} 34. Re1 {[%clk 0:00:50]} Rd1 {[%clk 0:01:50]} 35. Rxd1
{[%clk 0:00:56]} Qxd1+ {[%clk 0:02:10]} 36. Kg2 {[%clk 0:01:23]} Qf3+
{[%clk 0:02:20]} 37. Kg1 {[%clk 0:01:47]} Qd1+ {[%clk 0:02:32]} 38. Kg2
{[%clk 0:02:12]} Qf3+ {[%clk 0:02:50]} 39. Kg1 {[%clk 0:02:29]} Qd1+ 1/2-1/2

[Event "16 Dubai Open 2014"]
[Site "Dubai Chess Club"]
[Date "2014.04.07"]
[Round "1"]
[Board "9"]
[White "Derakhshani, Dorsa"]
[Black "Amin, Bassem"]
[Result "0-1"]
[WhiteElo "2154"]
[BlackElo "2637"]
[PlyCount "0"]
[EventDate "2014.04.07"]
[EventRounds "9"]
[EventCountry "UAE"]

1. e4 {[%clk 1:30:55]} e6 {[%clk 1:29:50]} 2. d4 {[%clk 1:31:01]} d5
{[%clk 1:30:15]} 3. Nc3 {[%clk 1:31:16]} Bb4 {[%clk 1:30:39]} 4. e5
{[%clk 1:31:38]} c5 {[%clk 1:31:02]} 5. a3 {[%clk 1:32:00]} Bxc3+
{[%clk 1:31:26]} 6. bxc3 {[%clk 1:32:25]} Ne7 {[%clk 1:31:51]} 7. Qg4
{[%clk 1:32:32]} O-O {[%clk 1:32:10]} 8. Bd3 {[%clk 1:32:14]} Nbc6
{[%clk 1:32:32]} 9. Nf3 {[%clk 1:32:21]} f5 {[%clk 1:31:21]} 10. exf6
{[%clk 1:31:40]} Rxf6 {[%clk 1:31:44]} 11. Bg5 {[%clk 1:29:35]} e5
{[%clk 1:31:52]} 12. Bxh7+ {[%clk 1:25:51]} Kxh7 {[%clk 1:31:30]} 13. Qh4+
{[%clk 1:26:06]} Rh6 {[%clk 1:21:40]} 14. Bxh6 {[%clk 1:24:48]} gxh6
{[%clk 1:22:04]} 15. dxe5 {[%clk 1:13:24]} Qg8 {[%clk 1:12:43]} 16. Qf6
{[%clk 1:09:26]} Bg4 {[%clk 1:10:52]} 17. Nh4 {[%clk 0:58:23]} Rf8
{[%clk 1:03:19]} 18. Qd6 {[%clk 0:58:15]} Qg5 {[%clk 1:00:47]} 19. g3
{[%clk 0:57:51]} Qxe5+ {[%clk 0:40:54]} 20. Qxe5 {[%clk 0:58:13]} Nxe5
{[%clk 0:41:20]} 21. f4 {[%clk 0:56:23]} Nc4 {[%clk 0:38:12]} 22. h3
{[%clk 0:54:11]} Bf5 {[%clk 0:32:17]} 23. Rh2 {[%clk 0:49:05]} Be4
{[%clk 0:32:06]} 24. Re2 {[%clk 0:47:40]} Ng6 {[%clk 0:25:17]} 25. Nxg6
{[%clk 0:44:31]} Kxg6 {[%clk 0:25:45]} 26. a4 {[%clk 0:44:11]} h5
{[%clk 0:25:38]} 27. a5 {[%clk 0:43:19]} Rf6 {[%clk 0:25:51]} 28. Ra4
{[%clk 0:41:21]} Kf5 {[%clk 0:25:55]} 29. Ra1 {[%clk 0:36:23]} Ra6 30. Rb1
{[%clk 0:32:04]} Nxa5 {[%clk 0:25:35]} 31. c4 {[%clk 0:30:03]} Nxc4
{[%clk 0:25:39]} 32. Rxb7 {[%clk 0:30:10]} Ra1+ {[%clk 0:24:09]} 33. Kf2
{[%clk 0:30:32]} a5 {[%clk 0:23:14]} 34. Rh7 {[%clk 0:30:16]} Kg6
{[%clk 0:23:34]} 35. Rc7 {[%clk 0:30:34]} Ra3 {[%clk 0:22:47]} 36. Rxc5
{[%clk 0:28:42]} Kf5 {[%clk 0:22:57]} 37. Rc8 {[%clk 0:27:14]} Rf3+
{[%clk 0:23:17]} 38. Kg2 {[%clk 0:25:04]} Ne3+ {[%clk 0:23:39]} 39. Kh2
{[%clk 0:24:21]} Nf1+ {[%clk 0:20:14]} 40. Kg1 {[%clk 0:24:32]} Nxg3
{[%clk 0:20:36]} 41. Rf8+ {[%clk 0:24:39]} Ke6 {[%clk 0:20:34]} 42. Re1
{[%clk 0:24:28]} Rc3 {[%clk 0:20:36]} 43. Kf2 {[%clk 0:20:22]} h4
{[%clk 0:20:11]} 0-1